Statistics for 2018 FIFA World Cup Teams

Click here to take the quiz!

General Stats

  • This quiz has been taken 31 times
  • The average score is 30 of 32

Answer Stats

Team #Answer% Correct
Team DArgentina
100%
Team GBelgium
100%
Team HColombia
100%
Team GEngland
100%
Team FMexico
100%
Team BPortugal
100%
Team ARussia
100%
Team BSpain
100%
Team FSweden
100%
Team CAustralia
95%
Team EBrazil
95%
Team DCroatia
95%
Team CFrance
95%
Team FGermany
95%
Team DIceland
95%
Team HJapan
95%
Team BMorocco
95%
Team FSouth Korea
95%
Team AUruguay
95%
Team ECosta Rica
91%
Team CDenmark
91%
Team AEgypt
91%
Team BIran
91%
Team DNigeria
91%
Team GPanama
91%
Team ESwitzerland
91%
Team CPeru
86%
Team HPoland
86%
Team ASaudi Arabia
86%
Team ESerbia
86%
Team GTunisia
86%
Team HSenegal
77%

Score Distribution

Percentile by Number Answered

Percent of People with Each Score

Your Score History

You have not taken this quiz